000 00381nam a2200145Ia 4500
008 230917s9999||||xx |||||||||||||| ||und||
040 _e76815
_aMAIN
041 _aEnglish
082 _a658.3 S81P
100 _aSchuler, Randall S
245 0 _aApplied readings in personnel and human resource management
260 _aSt Paul
_bWest
_c1981
300 _ax, 317 p.
942 _cBK
999 _c229613
_d229613